00565 2200169 4500001002100000005001500021035002000036007000300056008003900059082000700098084001300105100002200118245016200140260004600302650003200348990001500380INLIS00000000000988120260413010426 a0010-0426000196ta260413 | | |  a11 a11 MAU a0 aMAULITA JULIAWATI1 aANALISIS KOORDINASI TUGAS PEMERINTAH DALAM KETERTIBAN, KEAMANAN, PEMBERDAYAAN MASYARAKAT DI KECAMATAN TEWEH TIMUR KABUPATEN BARITO UTARA /cMAULITA JULIAWATI aPALANGKA RAYA :bPERPUSTAKAAN UMPR,c2026 4aKOORDINASI TUGAS PEMERINTAH a2311229423